00505nam a22001697a 4500003000400000005001700004008004100021020001800062040002900080050002300109100009800132245003600230250000900266260002600275300002000301650001400321OSt20260605104054.0260605b |||||||| |||| 00| 0 eng d a9780321910417 cChuka University Library aQD 31.3 b.C3 2015 aTheodore L. Brown, H.Eugene LeMay, Bruce E.B., Catherine J.M., Patrick M.M., and Matthew W S. aChemistry : The central science a13th aBostonbPearsonc2015 aVarious pagings aChemistry